Chine - URSS la fin d'une hégémonie (Registro nro. 105481)

Detalles MARC
000 -LEADER
campo de control de longitud fija 00685nam a2200217 i 4500
001 - NÚMERO DE CONTROL
campo de control 105481
003 - IDENTIFICADOR DE NÚMERO DE CONTROL
campo de control ES-MaACL
005 - FECHA Y HORA DE LA ÚLTIMA TRANSACCIÓN
campo de control 20230906183911.0
007 - CAMPO FIJO DE DESCRIPCIÓN FÍSICA--INFORMACIÓN GENERAL
campo de control de longitud fija t|
008 - DATOS DE LONGITUD FIJA--INFORMACIÓN GENERAL
campo de control de longitud fija 060719s1964 fr ||||1| fre d
080 ## - NÚMERO DE LA CLASIFICACIÓN DECIMAL UNIVERSAL
Número de la Clasificación Decimal Universal 327(510:47+57)"19"
080 ## - NÚMERO DE LA CLASIFICACIÓN DECIMAL UNIVERSAL
Número de la Clasificación Decimal Universal 327(47+57:510)"19"
100 1# - ENTRADA PRINCIPAL--NOMBRE DE PERSONA
Nombre de persona Fejtö, François.
9 (RLIN) 49139
245 10 - MENCIÓN DEL TÍTULO
Título Chine - URSS la fin d'une hégémonie
Resto del título : les origines du grand schisme communiste 1950-1957 /
Mención de responsabilidad, etc. François Fejtö.
260 ## - PUBLICACIÓN, DISTRIBUCIÓN, ETC.
Lugar de publicación, distribución, etc. Paris :
Nombre del editor, distribuidor, etc. Plon,
Fecha de publicación, distribución, etc. [1964]
300 ## - DESCRIPCIÓN FÍSICA
Extensión 360 p. ;
Dimensiones 22 cm.
500 ## - NOTA GENERAL
Nota general Biblioteca Juan Andrade.
651 #4 - PUNTO DE ACCESO ADICIONAL DE MATERIA--NOMBRE GEOGRÁFICO
Nombre geográfico China-
Subdivisión general Relaciones-
Subdivisión cronológica URSS.
9 (RLIN) 8061
651 #4 - PUNTO DE ACCESO ADICIONAL DE MATERIA--NOMBRE GEOGRÁFICO
Nombre geográfico URSS-
Subdivisión general Relaciones-
Subdivisión geográfica China.
9 (RLIN) 9485
852 ## - LOCALIZACIÓN
Ubicación ES-MaACL
Número de control de estantería AND-296
Existencias
Estatus retirado Estado de pérdida Estado de daño No para préstamo Biblioteca de origen Biblioteca actual Ubicación en estantería Fecha de adquisición Fuente de adquisición Total de préstamos Signatura topográfica completa Código de barras Visto por última vez Precio de reemplazo Tipo de ítem Koha
        Biblioteca del Ateneo de Madrid Biblioteca del Ateneo de Madrid Depósito 2 17/01/2008     AND-296 1110128 23/02/2023 23/02/2023 Libro impreso